00458nam a2200157Ia 450000500170000000800410001702000180005804100120007608200180008810000180010624500570012426000590018130000200024065000200026065000200028020260429112037.0260429s9999||||xx |||||||||||||| ||und|| a9781804896532 aEnglish a338.4791bIQB aIqbal, Mandy  0aModern tourism in global perspective / cMandy Iqbal aUnited Kingdom : bBrilliant Publication Ltd. ,c2026. aviii, 280p.; hb a Global tourism aTourism studies